000 00400pab a2200157 454500
008 180718b2011 xxu||||| |||| 00| 0 eng d
100 _aMukhopadhyay, Apurba Kumar
245 _aCoffee house in a paddy field: In search of a utopian civil society
260 _c2011
300 _ap.42-52.
362 _aJul
650 _aCivil society
773 _aAsian Studies
908 _aN
909 _a94581
999 _c94581
_d94581